Analýza modelov, postupov a techník ohodnocovania dlhopisov diplomová práca

Na minha lista:
Detalhes bibliográficos
Autor principal: Uhlík, Daniel
Autor Corporativo: Fakulta podnikového manažmentu EU. Katedra podnikových financií
Outros Autores: Bikár, Miloš, 1973-
Formato: Livro
Idioma:eslovaco
Publicado em: Bratislava 2015
Tags: Adicionar Tag
Sem tags, seja o primeiro a adicionar uma tag!

MARC

LEADER 00000nbm a2200000 4500
001 0202851
005 20161212101624.4
041 0 |a slo 
044 |a SK 
245 1 0 |a Analýza modelov, postupov a techník ohodnocovania dlhopisov  |b diplomová práca  |c Daniel Uhlík ; školiteľ: Miloš Bikár 
264 1 |a Bratislava  |c 2015 
300 |a 72 s. 
100 1 |a Uhlík, Daniel 
700 1 |a Bikár, Miloš, 1973- 
710 2 |a Fakulta podnikového manažmentu EU. Katedra podnikových financií